000 00501nam a2200217Ia 4500
003 OSt
005 20221005133042.0
006 a|||||r|||| 00| 0
007 ta
008 221004b |||||||| |||| 00| 0 eng d
024 _a120046
037 _cTextual
040 _aCRL
_cCRL
_beng
041 _2eng
_aeng
100 _aAnadh Das
_9642000
245 0 _aVichaar mala satik
260 _c1900
650 _aPUNJABI LITERATURE
942 _cTEXL
_2cc
999 _c1065590
_d1065590